Programmatic buying Az online hirdetés jövője?

Bibliographic Details
Main Author: Kirilla Dániel András
Other Authors: Harsányi Dr. Dávid
Format: Thesis
Kulcsszavak:Programmatic
Online Marketing
RTB
Online hirdetés
Reklámok
Online Access:http://dolgozattar.uni-bge.hu/13852

MARC

LEADER 00000nta a2200000 i 4500
001 dolg13852
005 20180531112303.0
008 171211suuuu hu om 000 hun d
040 |a BGE Dolgozattár Repozitórium  |b hun 
041 |a hu 
100 1 |a Kirilla Dániel András 
245 1 0 |a Programmatic buying  |b Az online hirdetés jövője?  |c Kirilla Dániel András  |h [elektronikus dokumentum] 
246 1 1 |a Programmatic buying: Az online hirdetés jövője? 
695 |a Programmatic 
695 |a Online Marketing  
695 |a RTB 
695 |a Online hirdetés 
695 |a Reklámok 
700 1 |a Harsányi Dr. Dávid  |e ths 
856 4 0 |u http://dolgozattar.uni-bge.hu/13852/1/SZAKDOLGOZAT.pdf  |z Dokumentum-elérés